All Books of the Bible - Statistics

General Stats
  • This quiz has been taken 228 times
  • The average score is 37 of 66
Answer Stats
Answer % Correct
Genesis
97%
Exodus
94%
John
94%
Matthew
86%
Luke
84%
Mark
84%
Leviticus
81%
Psalms
81%
Numbers
80%
Revelation
78%
Deuteronomy
77%
Ruth
75%
Job
72%
Acts
67%
Joshua
67%
1 Kings
66%
2 Kings
66%
Proverbs
66%
Romans
65%
Judges
64%
1 Samuel
61%
2 Samuel
61%
1 John
60%
2 John
60%
1 Corinthians
58%
2 Corinthians
58%
Isaiah
58%
3 John
57%
Esther
57%
1 Peter
52%
2 Peter
52%
Jude
52%
1 Chronicles
51%
2 Chronicles
51%
Daniel
50%
Ephesians
50%
Jeremiah
50%
Hebrews
49%
Nehemiah
48%
Song of Solomon
48%
Ezra
47%
James
47%
Philippians
47%
Ezekiel
46%
Jonah
46%
Lamentations
46%
1 Timothy
45%
2 Timothy
45%
Ecclesiastes
45%
Malachi
44%
1 Thessalonians
43%
2 Thessalonians
43%
Colossians
43%
Micah
43%
Galatians
41%
Titus
40%
Habakkuk
39%
Philemon
38%
Joel
37%
Amos
36%
Obadiah
36%
Haggai
35%
Hosea
35%
Zechariah
34%
Nahum
32%
Zephaniah
30%
No matching quizzes found
Score Distribution
Percent of People with Each Score
Percentile by Number Answered
Your Score History
You have not taken this quiz